| 000 | 02146nam a2200397 c 4500 | ||
|---|---|---|---|
| 999 |
_c133665 _d133665 |
||
| 003 | BLK | ||
| 005 | 20241114005503.0 | ||
| 008 | 180409b bul|||||r ||||||| ||bul|| | ||
| 010 | _aKNG00139565000 | ||
| 040 | _aBLK | ||
| 041 |
_aBUL _cBUL |
||
| 080 |
_aБългарска литература _b821.163.2 _x-93-312.6 _z821.163.2-93-312.6 |
||
| 080 |
_aОсвобождение на България. Руско-турска война (1877-1878) _b94(497.2)"1877/1878" _x(092)(0:82-31) _z94(497.2)"1877/1878"(092)(0:82-31) |
||
| 080 |
_aКапитан Райчо, дядо Райчо, Райчо Николаев. Опълченец-поборник, български военен деец и офицер, майор _b929 Николов, Райчо _z929 Николов, Райчо |
||
| 100 |
_aГабе, Дора Петрова _gПоетеса и писателка. Преводачка от полски език. _d1886-1983 _qГабе, Изидора Петрова _9369524 |
||
| 139 |
_aГабе, Дора Петрова _bГ 13 |
||
| 245 | 1 | 0 |
_aМълчаливи герои _bРоман за юноши _cДора Габе; худож. Людмил Асенов; * Любен Асенов. |
| 250 | _a5. изд. | ||
| 257 | _aBGR | ||
| 260 |
_aСофия _bОтечество _c1977 |
||
| 300 |
_a192 с. _bс ил. _c20 см |
||
| 380 | _aDX | ||
| 490 |
_aБиблиотека Златно сърце _v5 _9205561 |
||
| 500 | _aПредходните изд. с ил. Тодор Панайотов. - Съдържа и Как написах този роман. - Библиогр. с. 191. - 60 100 тир. | ||
| 600 | 0 |
_aНиколов, Райчо Николов _d1840 - 1885 _9324006 |
|
| 700 | 1 |
_aАсенов, Людмил _eхудож. _9298663 |
|
| 700 | 1 |
_aАсенов, Любен _e* _9324005 |
|
| 852 | _aЦб 85110 | ||
| 856 | 4 |
_qpdf _i0.00 _ldisable |
|
| 856 | 4 |
_qpdf _i0.00 _ldisable |
|
| 942 |
_cKNG _n0 _s1 |
||
| 944 |
_aCR _c14.02.2013 _lCRON CRON _k |
||
| 944 |
_aED _c14.02.2013 _l14.02.2013 - от С1,Р / 14.02.2013 |
||
| 944 |
_aED _c2022-10-27 _kХристина Везирева |
||
| 999 | _d133665 | ||